| 000 | 00841nam a2200193Ia 4500 | ||
|---|---|---|---|
| 001 | 21006 | ||
| 003 | GE_BSU | ||
| 008 | 181216s||||||||xx |||||||||||||| ||und|| | ||
| 040 | _cGE_BSU | ||
| 245 | _aხელისუფლება და საზოგადოება.#1(33) 2015. | ||
| 245 | _bსამეცნიერო ჟურნალი.ისტორია,თეორია,პრაქტიკა. | ||
| 245 | _cმთ.რედ:შოთა დოღონაძე. | ||
| 260 | _aთბილისი | ||
| 260 | _c2015 | ||
| 300 | _a222 გვ. 20 სმ. | ||
| 653 | _aსამეცნიერო ჟურნალი.ისტორია,თეორია,პრაქტიკა. | ||
| 653 | _aხელისუფლება და საზოგადოება.#1(33) 2015. | ||
| 942 | _cCR | ||
| 999 |
_c53955 _d53955 |
||